Postavenie medzinárodného derivátového trhu vo svetovej ekonomike diplomová práca

Saved in:
Bibliographic Details
Main Author: Ščepko, Nikolas
Corporate Author: Fakulta medzinárodných vzťahov EU. Katedra medzinárodných ekonomických vzťahov a hospodárskej diplomacie
Other Authors: Krátka, Jana
Format: Book
Language:Slovak
Published: Bratislava 2017
Tags: Add Tag
No Tags, Be the first to tag this record!

MARC

LEADER 00000nbm a2200000 4500
001 0232000
005 20180220155400.9
041 0 |a slo 
044 |a SK 
245 1 0 |a Postavenie medzinárodného derivátového trhu vo svetovej ekonomike  |b diplomová práca  |c Nikolas Ščepko ; školiteľ: Jana Krátka 
264 1 |a Bratislava  |c 2017 
300 |a 82 s. 
100 1 |a Ščepko, Nikolas 
700 1 |a Krátka, Jana 
710 2 |a Fakulta medzinárodných vzťahov EU. Katedra medzinárodných ekonomických vzťahov a hospodárskej diplomacie